| 000 | 01062nam a2200241 i 4500 | ||
|---|---|---|---|
| 001 | 88261 | ||
| 003 | ES-MaACL | ||
| 005 | 20250909203621.0 | ||
| 007 | t| | ||
| 008 | 050103s1959 sp |||| |bspa d | ||
| 100 | 1 |
_aLaín Entralgo, Pedro, _d1908-2001 _969681 |
|
| 245 | 1 | 0 |
_aGaspar Casal y la medicina de su tiempo / _cPedro Laín Entralgo _b. Gaspar Casal hombre del Principado / por Leopoldo Cortejoso . La estela de Casal / por Joaquín García Morán . Treinta y cuatro años vivió Casal en Oviedo / por Luis Alfonso Martínez Cachero. |
| 260 |
_aOviedo : _b[s.n., _c1959] ( _fTip. Residencia Provincial de Niños) |
||
| 300 |
_a60 p. ; _c25 cm. |
||
| 500 | _aPrecede al tít: Excma. Diputación Provincial de Oviedo. | ||
| 600 | 0 | 4 |
_aCasal, Gaspar, _d1680-1759 _936046 |
| 700 | 1 |
_aCortejoso Villanueva, Leopoldo. _940841 |
|
| 700 | 1 |
_aGarcía Morán, Joaquín. _954991 |
|
| 700 | 1 |
_aMartínez Cachero, Luis Alfonso. _977906 |
|
| 710 | 1 |
_aOviedo (Provincia). _bDiputación Provincial. _96085 |
|
| 852 |
_aES-MaACL _jC-17684 |
||
| 999 |
_c88261 _d88261 |
||